logo

Bir Sreshtho Munshi Abdur Rouf Library
Jhenaidah Cadet College

The Harper encyclopedia of science / (Record no. 9778)

MARC details
000 -LEADER
fixed length control field 01046cam a22002771 4500
001 - CONTROL NUMBER
JCCL Control Number 9778
003 - CONTROL NUMBER IDENTIFIER
JCCL marc code BD-JhCC
005 - DATE AND TIME OF LATEST TRANSACTION
control field 20180403193803.0
008 - FIXED-LENGTH DATA ELEMENTS--GENERAL INFORMATION
fixed length control field 180329s1963 nyuabc bd 000 0 eng
035 ## - SYSTEM CONTROL NUMBER
system control number (BD-JhCC)9778
040 ## - CATALOGING SOURCE
Original cataloging agency DLC
Transcribing agency DLC
Modifying agency DLC
-- BD-JhCC
041 ## - LANGUAGE CODE
Language code of Book eng
050 00 - LIBRARY OF CONGRESS CALL NUMBER
Classification number Q123
Item number .H26
082 00 - DEWEY DECIMAL CLASSIFICATION NUMBER
Classification number 503
Author mark and Year HAR 1963
245 04 - TITLE STATEMENT
Title The Harper encyclopedia of science /
Statement of responsibility, etc Edited by James R. Newman. Managing editor: Jerome Wyckoff. Associate editors: Roger G. Menges [and] Edmund H. Harvey, Jr. Board of editorial consultants: John Tyler Bonner [and others.
250 ## - EDITION STATEMENT
Edition statement 1st ed.]
260 ## - PUBLICATION, DISTRIBUTION, ETC. (IMPRINT)
Place of publication, distribution, etc New York :
Name of publisher, distributor, etc Harper & Row,
Date of publication, distribution, etc 1963.
300 ## - PHYSICAL DESCRIPTION
Pagination 4 v. (ix, 1379 p.)
Other physical details illus. (part col.) ports., maps (part col.)
Dimensions 29 cm.
500 ## - GENERAL NOTE
General note Published in 1965 under title: The International encyclopedia of science.
504 ## - BIBLIOGRAPHY, ETC. NOTE
Bibliography, etc Bibliography: p. 1282-1297.
650 #0 - SUBJECT ADDED ENTRY--TOPICAL TERM
Topical term or geographic name as entry element Science
General subdivision Dictionaries.
650 #0 - SUBJECT ADDED ENTRY--TOPICAL TERM
Topical term or geographic name as entry element Technology
General subdivision Dictionaries.
700 1# - ADDED ENTRY--PERSONAL NAME
Personal name Newman, James R.
Fuller form of name (James Roy),
Dates associated with a name 1907-1966,
942 ## - ADDED ENTRY ELEMENTS (KOHA)
Source of classification or shelving scheme Dewey Decimal Classification
Koha item type Reference
Holdings
Source of classification or shelving scheme volume number Damaged status Not for loan Home library Current library Shelving location Date of accession Total Checkouts Full call number Barcode Date last seen Copy number Koha item type
Dewey Decimal Classification V-1     JCC Rouf Library JCC Rouf Library General Stacks 03/29/2018   503 HAR 1963 13250 03/29/2018 C-1 Reference
Dewey Decimal Classification V-3     JCC Rouf Library JCC Rouf Library General Stacks 04/01/2018   503 HAR 1963 13269 04/01/2018 C-1 Reference
Dewey Decimal Classification V-1     JCC Rouf Library JCC Rouf Library General Stacks 04/01/2018   503 HAR 1963 13268 04/01/2018 C-1 Reference
Dewey Decimal Classification V-4     JCC Rouf Library JCC Rouf Library General Stacks 04/01/2018   503 HAR 1963 13270 04/01/2018 C-1 Reference
Dewey Decimal Classification V-2     JCC Rouf Library JCC Rouf Library General Stacks 04/03/2018   503 HAR 1963 13317 04/03/2018 C-1 Reference

JCC Library | Contacts | JCC Home

Last Update on 23 September 2017
Copyright @ 2017-2020 JCC Rouf Library
Rouf Library, Jhenidah Cadet College (JCC), Bangladesh